Library Banner

Authentic voices of South Asia (Record no. 41902)

MARC details
000 -LEADER
fixed length control field 00480nam a2200181Ia 4500
001 - CONTROL NUMBER
control field 43902
008 - FIXED-LENGTH DATA ELEMENTS--GENERAL INFORMATION
fixed length control field 140425s9999 xx 000 0 und d
020 ## - INTERNATIONAL STANDARD BOOK NUMBER
International Standard Book Number 0954892917
040 ## - CATALOGING SOURCE
Transcribing agency PK-LaUMT
082 ## - DEWEY DECIMAL CLASSIFICATION NUMBER
Classification number RHC 320.954
Item number AUT-
100 ## - MAIN ENTRY--PERSONAL NAME
Personal name Usman Khalid
245 ## - TITLE STATEMENT
Title Authentic voices of South Asia
Statement of responsibility, etc Usman Khalid
260 ## - PUBLICATION, DISTRIBUTION, ETC. (IMPRINT)
Place of publication, distribution, etc London,UK:
Name of publisher, distributor, etc London Institute of South Asia,
Date of publication, distribution, etc 2005
300 ## - PHYSICAL DESCRIPTION
Extent 354 p.
546 ## - LANGUAGE NOTE
Language note EN
650 ## - SUBJECT ADDED ENTRY--TOPICAL TERM
Topical term or geographic name as entry element South Asia-Politics and government
942 ## - ADDED ENTRY ELEMENTS (KOHA)
Koha item type Books
Holdings
Withdrawn status Lost status Damaged status Not for loan Home library Current library Date acquired Total Checkouts Full call number Barcode Date last seen Price effective from Koha item type
        UMT Main Campus UMT Main Campus 2014-04-25   RHC 320.954 AUT- 47520 2014-05-06 2014-05-06 Books